Detalles MARC
| 000 -CABECERA |
| campo de control de longitud fija |
01458nam a2200301 i 4500 |
| 003 - IDENTIFICADOR DEL NÚMERO DE CONTROL |
| campo de control |
DO-SdBNP |
| 005 - FECHA Y HORA DE LA ÚLTIMA TRANSACCIÓN |
| campo de control |
20240306073903.0 |
| 007 - CAMPO FIJO DE DESCRIPCIÓN FÍSICA--INFORMACIÓN GENERAL |
| campo de control de longitud fija |
ta |
| 008 - DATOS DE LONGITUD FIJA--INFORMACIÓN GENERAL |
| campo de control de longitud fija |
091125s2001 dr a 000 0 spa d |
| 020 ## - NÚMERO INTERNACIONAL ESTÁNDAR DEL LIBRO |
| Número Internacional Estándar del Libro |
8482614231 |
| 040 ## - FUENTE DE LA CATALOGACIÓN |
| Centro catalogador/agencia de origen |
DO-SdBNP |
| Lengua de catalogación |
spa |
| Centro/agencia transcriptor |
BNPHU |
| Normas de descripción |
rda |
| 082 ## - NÚMERO DE LA CLASIFICACIÓN DECIMAL DEWEY |
| Número de clasificación |
372.632 |
| Número de documento/Ítem |
O78 |
| Número de edición |
22 |
| 100 1# - ENTRADA PRINCIPAL--NOMBRE DE PERSONA |
| Nombre de persona |
Incháustegui, María Isabel |
| 9 (RLIN) |
29568 |
| 245 10 - MENCIÓN DE TÍTULO |
| Título |
Ortografía 2 : |
| Resto del título |
educación básica / |
| Mención de responsabilidad, etc. |
María Isabel Incháustegui ; dirección editorial Obdulia García de Escobar ; ilustración Ruddy Núñez. |
| 264 #1 - PRODUCCIÓN, PUBLICACIÓN, DISTRIBUCIÓN, FABRICACIÓN Y COPYRIGHT |
| Producción, publicación, distribución, fabricación y copyright |
Santo Domingo ; |
| Nombre del de productor, editor, distribuidor, fabricante |
Santillana, |
| Fecha de producción, publicación, distribución, fabricación o copyright |
2001. |
| 300 ## - DESCRIPCIÓN FÍSICA |
| Extensión |
39 páginas |
| Otras características físicas |
ilustraciones |
| Dimensiones |
28 cm. |
| 336 ## - TIPO DE CONTENIDO |
| Fuente |
rdacontent |
| Término de tipo de contenido |
texto |
| Código de tipo de contenido |
txt |
| 337 ## - TIPO DE MEDIO |
| Fuente |
rdamedia |
| Nombre/término del tipo de medio |
sin mediación |
| Código del tipo de medio |
n |
| 338 ## - TIPO DE SOPORTE |
| Fuente |
rdacarrier |
| Nombre/término del tipo de soporte |
volumen |
| Código del tipo de soporte |
nc |
| 490 1# - MENCIÓN DE SERIE |
| Mención de serie |
Umbral |
| 500 ## - NOTA GENERAL |
| Nota general |
Educación básica. |
| 505 0# - NOTA DE CONTENIDO CON FORMATO |
| Información miscelánea |
unidad 1 -- |
| Título |
En el circo -- |
| Información miscelánea |
unidad 2 -- |
| Título |
Concurso de cuentos -- |
| Información miscelánea |
unidad 3 -- |
| Título |
Tiempo para pasear -- |
| Información miscelánea |
unidad 4 -- |
| Título |
Ciclistas en acción -- |
| Información miscelánea |
unidad 5 -- |
| Título |
A escribir -- |
| Información miscelánea |
unidad 6 -- |
| Título |
A practicar deportes -- |
| Información miscelánea |
unidad 7 -- |
| Título |
Cuidemos lo nuestro -- |
| Información miscelánea |
unidad 8 -- |
| Título |
Preparativos de viaje -- |
| Información miscelánea |
unidad 9 -- |
| Título |
Nuestra familia -- |
| Información miscelánea |
unidad 10 -- |
| Título |
Me interesa tu opinión -- |
| Información miscelánea |
unidad 11 -- |
| Título |
Fuente de vida -- |
| Información miscelánea |
unidad 12 -- |
| Título |
Nuestra calle -- |
| Información miscelánea |
unidad 13 -- |
| Título |
Sigamos instrucciones / |
| 590 ## - NOTA LOCAL (RLIN) |
| Nota local |
Inventariado, 2024/ YL |
| 700 1# - PUNTO DE ACCESO ADICIONAL--NOMBRE DE PERSONA |
| Nombre de persona |
García Escobar, Obdulia de |
| Término indicativo de función/relación |
dirección |
| 9 (RLIN) |
29220 |
| 700 1# - PUNTO DE ACCESO ADICIONAL--NOMBRE DE PERSONA |
| Nombre de persona |
Núñez, Ruddy |
| Término indicativo de función/relación |
ilustración |
| 9 (RLIN) |
23171 |
| 910 ## - DATOS DE OPCIÓN DEL USUARIO (OCLC) |
| Datos de opción del usuario |
YLockward |
| 942 ## - ELEMENTOS DE PUNTO DE ACCESO ADICIONAL (KOHA) |
| Fuente del sistema de clasificación o colocación |
Dewey Decimal Classification |
| Tipo de ítem Koha |
Folleto |